00253 a2200109 4500001000700000020000600007040001100013100002100024240004700045245004200092362000900134169529 a  cMagnum aVecchiato, Mauro10aPsicomotricidade relacional e terapialpor10aPsicomotricidade relacional e terapia0 a1899